000 00753nam a2200241 a 4500
005 20241129063739.0
008 140626s2011 mx r 000 0 spa d
020 _a9789708051637
035 _aUPN01000198366
049 _aI
050 4 _aPZ26.3
_bH3.7
100 1 _aHahn, Cyril
_935607
245 1 3 _aEl rapto de la princesa conejo /
_cCyril Hahn ; tr. Teresa Sanz de Larios.
260 _aMéxico :
_bAuroch,
_cc2011.
300 _a[44] p. :
_bil. col.
440 0 _aCorentino.
_p¡Sin miedo a nada! ;
_v29
534 _pTítulo original:
_tOn a enlevé la princesse lapine
650 4 _aConejos
_vCuentos y leyendas
_922085
650 4 _aLiteratura infantil francesa
_913687
905 _aInfantil
999 _c170467
_d170467